| 000 | 00658nam a22002417a 4500 | ||
|---|---|---|---|
| 003 | UA-OsUOA | ||
| 001 | 77200 | ||
| 007 | ta | ||
| 008 | 20110902b un ||||| |||| 00| 0 ukr d | ||
| 100 | _aКузнецова Н. | ||
| 700 | _aВенцель Л. | ||
| 090 |
_a343.2/7(430) _bК89 |
||
| 942 | _cBK | ||
| 040 |
_aUA-OsUOA _brus _cUA-OsUOA _dUA-OsUOA |
||
| 245 | _aУголовное право ФРГ | ||
| 300 | _a214 с. | ||
| 955 | _a2 | ||
| 041 | _arus | ||
| 080 | _a343.2/7(430) | ||
| 260 |
_aМ. _bИзд-во Моск. ун-та _c1980 |
||
| 650 | 7 |
_a343 Кримінальне право. Карні порушення _2UDC |
|
| 999 |
_c363509 _d363509 |
||